=LDR 00000nam 2200000 4500 =001 INLIS000000000036670 =005 20231113094622 =035 ##$$a 0010-061300000036670 =008 231113################g##########0#ind## =041 ##$$a Ind =082 ##$$a 613.704 =090 ##$$a 613.704, Sis s =100 ##$$a Siska, Connie =245 1#$$a Siapa bilang yoga sulit, /$c Connie Siska =260 ##$$a Jakarta :$b Intisari,$c 2009 =300 ##$$a 129 hlm, : $b ilus, ; $c 22 cm =650 #4$$a Latihan Yoga =850 ##$$a NBPNMAT =084 ##$$a 613.704 SIS s =990 ##$$a 21103592 =990 ##$$a 21103593